000
00272nam a2200109Ia 4500
008
200302s9999 xx 000 0 und d
100
_a
Roy J. Dossat
245
_a
Principles of Refrigeration 4th ed.
260
_b
Pearson Education Asia
260
_c
1997
300
_a
512 P.,
999
_c
1380
_d
1380